| 000 | 00908nam a22002417a 4500 | ||
|---|---|---|---|
| 005 | 20220329142624.0 | ||
| 008 | 010920d2001 mx r 00110 spa d | ||
| 010 | _a85743 | ||
| 011 | _a86715 | ||
| 035 | _a97255 | ||
| 090 | _aTesis | ||
| 245 | 0 | 0 |
_aAislamiento, identificación y patogenicidad de bacterias en quelite (Amaranthus hibridus L.) y posibilidades de uso en control biológico _c/por Luis González Mendoza |
| 260 |
_aChapingo, Méx. : _bEl autor, _c1986. |
||
| 300 |
_a43 h. ; _bgráfs. |
||
| 502 | _aTesis(Ing. Agr. Esp. en Parasitología Agrícola) -- UACH. Departamento de Parasitología Agrícola | ||
| 590 |
_aALEPH _b10 _c20130110 _lUCH01 _h1447 |
||
| 590 |
_aBATCH-UPD _b10 _c20130110 _lUCH01 _h1309 |
||
| 590 |
_aCONVERSION _b10 _c20130109 _lUCH01 _h1348 |
||
| 650 | 0 | 4 |
_aBacterias. _99318 |
| 650 | 0 | 4 |
_aErwinia carotovora. _937359 |
| 650 | 0 | 4 |
_aMalas hierbas _xControl. _970011 |
| 901 | _aBK | ||
| 999 |
_c85743 _d85743 |
||